Más allá de la crisis de la deuda: bases para un nuevo enfoque
Guardat en:
| Autors principals: | , |
|---|---|
| Autor corporatiu: | , |
| Format: | Llibre |
| Idioma: | espanyol |
| Publicat: |
Santiago
CIEPLAN
1986
|
| Col·lecció: | Colección Estudios Internacionales
|
| Matèries: | |
| Etiquetes: |
Afegir etiqueta
Sense etiquetes, Sigues el primer a etiquetar aquest registre!
|
MARC
| LEADER | 00000nam a2200000 a 4500 | ||
|---|---|---|---|
| 001 | UCW9815 | ||
| 003 | CL-VaPUC | ||
| 008 | 890621e19860000CL |||||||||||||||||spa|d | ||
| 082 | 0 | 4 | |a 336.343 |b FFR |2 21 |
| 100 | |a Ffrench-Davis, Ricardo |e autor |9 315255 | ||
| 700 | 0 | |a Feinberg, Richard E |e author |9 315256 | |
| 110 | 2 | |a CIEPLAN |e author |9 315257 | |
| 710 | 2 | |a Diálogo Interamericano |e author |9 315258 | |
| 245 | 1 | 0 | |a Más allá de la crisis de la deuda: bases para un nuevo enfoque |
| 300 | |a 250 p | ||
| 942 | |c BK | ||
| 945 | |d 19890621 00:00:00 | ||
| 260 | |a Santiago |b CIEPLAN |c 1986 | ||
| 500 | |a Material preparado para el grupo de trabajo sobre economía del Diálogo Interamericano presentados en un seminario efectuado entre el 17 y 19 de marzo de 1986 en la sede de CIEPLAN de Santiago de Chile | ||
| 650 | 7 | |a DEUDA EXTERNA |2 CL-VaPUC |9 314619 | |
| 650 | 0 | |a Comercio exterior |9 257617 | |
| 651 | 0 | |a América Latina |9 255027 | |
| 583 | |a last modification |c 19890621 00:00:00 |k Rodrigo Vera | ||
| 490 | 0 | |a Colección Estudios Internacionales | |
| 999 | |c 221693 |d 221691 | ||
| 952 | |0 0 |1 0 |4 0 |6 336_343000000000000_FFR_1986 |7 0 |8 A |9 215428 |a BIBENE |b BIBENE |d 2019-11-15 |i 2838443 |o 336.343 FFR 1986 |p 2838443 |r 2025-01-15 |w 2019-11-15 |y BK |k ICO | ||
| 952 | |0 0 |1 0 |4 0 |6 336_343000000000000_FFR_1986 |7 0 |8 A |9 215429 |a BIBING |b BIBING |d 2019-11-15 |i 1640518 |o 336.343 FFR 1986 |p 1640518 |r 2025-01-20 |w 2019-11-15 |y BK |k ING | ||
| 952 | |0 0 |1 0 |4 0 |6 336_343000000000000_FFR_1986 |7 0 |8 A |9 215430 |a BIBHIS |b BIBHIS |d 2019-11-15 |i 1209469 |o 336.343 FFR 1986 |p 1209469 |r 2025-01-20 |w 2019-11-15 |y BK |k HIS | ||